Top 10 States With The Biggest Population - Statistics

General Stats
  • This quiz has been taken 34 times
  • The average score is 9 of 10
Answer Stats
Populations State % Correct
39,613,493 California
100%
21,944,577 Florida
100%
19,299,981 New York
100%
29,730,311 Texas
100%
12,804,123 Pennsylvania
97%
10,830,007 Georgia
90%
12,569,321 Illinois
87%
9,992,427 Michigan
87%
11,714,618 Ohio
87%
10,701,022 North Carolina
80%
No matching quizzes found
Score Distribution
Percent of People with Each Score
Percentile by Number Answered
Your Score History
You have not taken this quiz